Texas State Basketball: Top 10 All-Time Leaders - Statistics

General Stats
  • This quiz has been taken 1 time
    0 since last reset
  • The average score is 0 of 86
Answer Stats
Category # Player Amount % Correct
Three Pointers Made 3 Brady Richeson 172
0%
Points 3 Brandon Bush 1,569
0%
Rebounds 3 Brandon Bush 671
0%
Steals 8 Brandon Bush 123
0%
Field Goal Percent 4 Brandon Bush 44.9%
0%
Points Per Game 10 Brandon Bush 13.6
0%
Games T9 Brandon Bush 115
0%
Blocks 4 Brandon Love 87
0%
Three Pointers Made 5 Brent Benson 158
0%
Points Per Game 9 Brent Benson 14.1
0%
Rebounds 7 Bryon Hobbs 555
0%
Three Pointers Made 9 Caleb Asberry 136
0%
Points 6 Cameron Johnson 1,192
0%
Rebounds 4 Cameron Johnson 638
0%
Games 7 Cameron Johnson 118
0%
Three Pointers Made 2 Clay Click 177
0%
Assists 9 Corey Jefferson 265
0%
Points 7 Dameon Sansom 1,109
0%
Three Pointers Made 8 Dameon Sanson 140
0%
Assists 3 David Sykes 338
0%
Steals 1 David Sykes 192
0%
Points 2 Donte Mathis 1,622
0%
Rebounds 6 Donte Mathis 567
0%
Assists 10 Donte Mathis 259
0%
Steals 4 Donte Mathis 161
0%
Field Goal Percent 3 Donte Mathis 47.0%
0%
Points Per Game 7 Donte Mathis 14.6
0%
Three Pointers Made T10 Eliezar Gordon 133
0%
Points 10 Emani Gant 1,055
0%
Rebounds 5 Emani Gant 585
0%
Field Goal Percent 2 Emani Gant 50.4%
0%
Blocks 6 Eric Terry 77
0%
Points Per Game 2 George Conner 17.7
0%
Assists 6 Gerald Wright 293
0%
Blocks 8 Immanuel King 64
0%
Rebounds 8 Isiah Small 549
0%
Blocks 5 Isiah Small 80
0%
Points 8 Jeff Foster 1,084
0%
Rebounds 1 Jeff Foster 931
0%
Blocks 1 Jeff Foster 111
0%
Points Per Game 3 Joel Wright 16.4
0%
Games T5 John Bowman 120
0%
Three Pointers Made 7 Josh Naylor 141
0%
Points 5 Kavin Gilder-Tilbury 1,385
0%
Rebounds 10 Kavin Gilder-Tilbury 517
0%
Steals 7 Kavin Gilder-Tilbury 127
0%
Blocks 7 Kavin Gilder-Tilbury 68
0%
Three Pointers Made 4 Kavin Gilder-Tilbury 169
0%
Games 4 Kavin Gilder-Tilbury 128
0%
Games T9 Kevin Stiner 115
0%
Points 9 Lynwood Wade 1,061
0%
Rebounds 9 Lynwood Wade 529
0%
Field Goal Percent 1 Lynwood Wade 59.3%
0%
Points Per Game 1 Lynwood Wade 18.3
0%
Assists 5 Marlin Davis 298
0%
Points 4 Mason Harrell 1,558
0%
Assists 2 Mason Harrell 383
0%
Steals 6 Mason Harrell 136
0%
Three Pointers Made 6 Mason Harrell 149
0%
Games 1 Mason Harrell 146
0%
Blocks T2 Matt Staff 104
0%
Blocks 9 Nighael Ceaser 63
0%
Points 1 Nijal Pearson 2,122
0%
Rebounds 2 Nijal Pearson 739
0%
Assists 7 Nijal Pearson 292
0%
Steals 3 Nijal Pearson 177
0%
Three Pointers Made 1 Nijal Pearson 247
0%
Field Goal Percent 5 Nijal Pearson 41.8%
0%
Points Per Game 4 Nijal Pearson 16.0
0%
Games 3 Nijal Pearson 133
0%
Assists 8 Ojai Black 287
0%
Assists 4 Russell Ponds 327
0%
Points Per Game 6 Russell Ponds 14.7
0%
Assists 1 Ryan White 414
0%
Steals 5 Ryan White 154
0%
Games 8 Ryan White 117
0%
Steals 10 Shelby Adams 108
0%
Games 2 Shelby Adams 144
0%
Steals 9 Terry Conerway 114
0%
Points Per Game 8 Terry Conerway 14.5
0%
Blocks 10 Tony Bishop 58
0%
Blocks T2 Torgeir Bryn 104
0%
Points Per Game 5 Torgeir Bryn 15.9
0%
Three Pointers Made T10 Tre'Larenz Nottingham 133
0%
Steals 2 Wesley Davis 189
0%
Games T5 Wesley Davis 120
0%
No matching quizzes found
Score Distribution
Percent of People with Each Score
Percentile by Number Answered
Your Score History
You have not taken this quiz since the last reset